Statistics for Video Games by "Plot"

Click here to take the quiz!

General Stats

  • This quiz has been taken 61,221 times
    (31,892 since last reset)
  • The average score is 14 of 21

Answer Stats

DescriptionVideo Game% Correct
A plumber stomps mushrooms and turtles to save a princess in another castleSuper Mario Bros
97%
Create your own kingdom in a world made of cubesMinecraft
93%
Plumber must dodge barrels to rescue his girlfriend from a giant apeDonkey Kong
90%
Lowlife thug climbs the ranks of organized crime in Liberty City - with the option
to terrorize innocent civilians
Grand Theft Auto
86%
Racers must dodge turtle shells and banana peels to win a racing competitionMario Kart
84%
Fighters compete in a deadly martial arts tournament where the fate of Earth is at stakeMortal Kombat
84%
100 players airdrop into an area and battle until only one remains, with silly dancesFortnite
82%
Swordfighter must recover parts of the Triforce from various dungeonsThe Legend of Zelda
79%
Woman uses teleportation gun to solve puzzles and perhaps win cakePortal
78%
Take revenge against swine by throwing yourself against their shoddily-built structuresAngry Birds
75%
Buxom archaeologist uses firearms and puzzle-solving skills to unravel ancient mysteriesTomb Raider
64%
Space marine must kill demons after a teleportation experiment opens a gateway to hellDoom
63%
Spy wanders around for ages looking for someone to shoot with his golden gunGoldenEye 007
60%
Supersoldier must shoot down alien religious zealots who want to wipe out humanityHalo
58%
To save the world, a hero must shout like a dragonThe Elder Scrolls V:
Skyrim
51%
Pioneers must avoid dysentery while taking their wagon to the West CoastOregon Trail
48%
Explore a quintillion planets that all look the same until you reach the center of the
galaxy or, more likely, get bored
No Man's Sky
45%
Players spend real money to build a fake farmFarmville
43%
Zerglings rush and quickly overwhelm their Terran and Protoss counterpartsStarCraft
30%
A thief is on the run, and the player must track her down using geography knowledgeWhere in the World is
Carmen Sandiego?
26%
Act 1: They meet. Act 2: The Chase. Act 3: Junior.Ms. Pac Man
12%

Score Distribution

Percentile by Number Answered

Percent of People with Each Score

Your Score History

You have not taken this quiz since the last reset